| 000 -ლიდერი |
| ფიქსირებული სიგრძის საკონტროლო ველი |
01026nam a2200241Ia 4500 |
| 001 - საკონტროლო ნომერი |
| საკონტროლო ველი |
5934 |
| 003 - საკონტროლო ნომრის იდენტიფიკატორი |
| საკონტროლო ველი |
GE_BSU |
| 005 - ბოლო ოპერაციის თარიღი და დრო |
| საკონტროლო ველი |
20190826135013.0 |
| 008 - ფიქსირებული სიგრძის მონაცემთა ელემენტები - ზოგადი ინფორმაცია |
| ფიქსირებული სიგრძის საკონტროლო ველი |
181216s1989||||ge |||||||||||||| ||geo|| |
| 040 ## - კატალოგიზაციის წყარო |
| Transcribing agency |
GE_BSU |
| 041 ## - ენის კოდი |
| Language code of text/sound track or separate title |
geo |
| 080 ## - უნივერსალური ათობითი კლასიფიკაციის ინდექსი |
| Universal Decimal Classification number |
821.353.1-92 ა-13 |
| 100 ## - მთავარი ჩანაწერი - პიროვნების სახელი |
| Personal name |
აბაშიძე, ირაკლი |
| 9 (RLIN) |
3740 |
| 245 ## - ცნობა სათაურის შესახებ |
| Title |
გუშინ, გუშინწინ : |
| Remainder of title |
წერილები, მოგონებები / |
| Statement of responsibility, etc |
ირაკლი აბაშიძე ; რედ. ნინო ახალკაცი ; მხატვ. ქ. ყიფიანი. |
| 264 ## - წარმოების, გამოცემის, დისტრიბუციის და სხვა ცნობები |
| გამოცემის, წარმოების, დისტრიბუციის... ადგილი |
თბილისი : |
| გამოცემის, წარმოების, დისტრიბუციის... სახელწოდება |
მერანი ; |
| გამოცემის, წარმოების, დისტრიბუციის... თარიღი |
1989. |
| 300 ## - ფიზიკური აღწერა |
| Extent |
167 გვ. ;. |
| Dimensions |
20 სმ |
| 653 ## - INDEX TERM--UNCONTROLLED |
| Uncontrolled term |
გუშინ, გუშინწინ |
| 653 ## - INDEX TERM--UNCONTROLLED |
| Uncontrolled term |
წერილები |
| 653 ## - INDEX TERM--UNCONTROLLED |
| Uncontrolled term |
მოგონებები |
| 700 ## - ADDED ENTRY--PERSONAL NAME |
| Personal name |
ახალკაცი, ნინო |
| Relator term |
რედაქტორი |
| 9 (RLIN) |
3780 |
| 700 ## - ADDED ENTRY--PERSONAL NAME |
| Personal name |
ყიფიანი, ქ. |
| Relator term |
მხატვარი |
| 9 (RLIN) |
3785 |
| 942 ## - ADDED ENTRY ELEMENTS (KOHA) |
| Koha item type |
წიგნი |
| Source of classification or shelving scheme |
|